Normal view MARC view
  • Prussia (Kingdom)

Entry Corporate Name

Number of records used in: 6

001 - CONTROL NUMBER

  • control field: 49435

003 - CONTROL NUMBER IDENTIFIER

  • control field: NUST

005 - DATE AND TIME OF LATEST TRANSACTION

  • control field: 20210314134329.0

008 - FIXED-LENGTH DATA ELEMENTS

  • fixed length control field: 210314|| aca||aabn | a|a d

040 ## - CATALOGING SOURCE

  • Original cataloging agency: NUST
  • Transcribing agency: NUST

110 ## - HEADING--CORPORATE NAME

  • Corporate name or jurisdiction name as entry element: Prussia (Kingdom)

670 ## - SOURCE DATA FOUND

  • Source citation: Work cat.: (NUST): Prussia (Kingdom)., The Franco-German war, 1870-1871 ..., 1873-84.
© 2023 Central Library, National University of Sciences and Technology. All Rights Reserved.